| 000 | 00000nam##2200000za#4500 |
| 001 | 9.699414 |
| 003 | CaOODSP |
| 005 | 20210625000353 |
| 007 | cr ||||||||||| |
| 008 | 150407|1983||||xxc|||||o f|0| 0 eng|d |
| 040 | |aCaOODSP|beng |
| 043 | |an-cn--- |
| 086 | 1 |aA15-1601/1983E-PDF |
| 110 | 1 |aCanada.|bAgriculture Canada.|bResearch Branch. |
| 245 | 10|aInsulation in farm buildings |h[electronic resource] |
| 260 | |aOttawa - Ontario : |bAgriculture Canada. |cRevised 1983. |
| 300 | |a24p.|bfigs., graph, tables |
| 500 | |aHistorical publication digitized by Agriculture and Agri-Food Canada. -- "A federal/provincial publication. Canada/Ontario."--p. 3 of 24. -- "This publication is a revision of Ontario publication 96."--p. 3 of 24. |
| 590 | |a14-11-Supp|b2014-05-21 |
| 690 | 07|aFarm buildings|2gcpds |
| 690 | 07|aInsulation|2gcpds |
| 775 | 08|tIsolation thermique des bâtiments agricoles / |w(CaOODSP)9.643437 |
| 856 | 40|ahttp://publications.gc.ca|qPDF|s1.3 MB|uhttps://publications.gc.ca/collections/collection_2014/aac-aafc/agrhist/A15-1601-1983-eng.pdf |
| 986 | |a1601E |